000
00274nam a22001217a 4500
008
180110b xxu||||| |||| 00| 0 eng d
041
_a
eng
080
_a
37
100
_a
46
101
_a
EDU
245
_a
LEARNING ENGLISH SECOND LANGUAGE
_c
FINKEL.L.S
942
_2
udc
_c
BK
999
_c
40054
_d
40054